Voyage dans l’intime d’une famille sans histoire (notice n° 1581707)

détails MARC
000 -LEADER
fixed length control field 01544cam a2200265 4500500
005 - DATE AND TIME OF LATEST TRANSACTION
control field 20251228051333.0
041 ## - LANGUAGE CODE
Language code of text/sound track or separate title fre
042 ## - AUTHENTICATION CODE
Authentication code dc
100 10 - MAIN ENTRY--PERSONAL NAME
Personal name Montet, Anne-Laure
Relator term author
245 00 - TITLE STATEMENT
Title Voyage dans l’intime d’une famille sans histoire
260 ## - PUBLICATION, DISTRIBUTION, ETC.
Date of publication, distribution, etc. 2020.<br/>
500 ## - GENERAL NOTE
General note 1
520 ## - SUMMARY, ETC.
Summary, etc. Avec une famille immobilisée par une lourde histoire traumatique, l’auteur cherche dans la consultation thérapeutique une voie d’accès au souvenir qui ne peut advenir par une narration. Elle propose des consultations psychodramatiques dont la famille pourra se saisir pour élaborer à travers des scènes quotidiennes une actualisation des vécus traumatiques. Leur « histoire à trous » devient une création subjective.
520 ## - SUMMARY, ETC.
Summary, etc. With a family immobilized by a heavy traumatic history, the author seeks in the therapeutic consultation a way to access memory which cannot occur by a narrative. She offers psycho­dramatic consultations that the family can use to update traumatic experiences through daily life scenes. Their “story with holes” becomes a subjective creation.
690 ## - LOCAL SUBJECT ADDED ENTRY--TOPICAL TERM (OCLC, RLIN)
Topical term or geographic name as entry element consultation familiale
690 ## - LOCAL SUBJECT ADDED ENTRY--TOPICAL TERM (OCLC, RLIN)
Topical term or geographic name as entry element Consultation psychodramatique
690 ## - LOCAL SUBJECT ADDED ENTRY--TOPICAL TERM (OCLC, RLIN)
Topical term or geographic name as entry element subjectivation
690 ## - LOCAL SUBJECT ADDED ENTRY--TOPICAL TERM (OCLC, RLIN)
Topical term or geographic name as entry element traumatisme
690 ## - LOCAL SUBJECT ADDED ENTRY--TOPICAL TERM (OCLC, RLIN)
Topical term or geographic name as entry element family therapy
690 ## - LOCAL SUBJECT ADDED ENTRY--TOPICAL TERM (OCLC, RLIN)
Topical term or geographic name as entry element Psychodramatic consultation
690 ## - LOCAL SUBJECT ADDED ENTRY--TOPICAL TERM (OCLC, RLIN)
Topical term or geographic name as entry element subjectivity
690 ## - LOCAL SUBJECT ADDED ENTRY--TOPICAL TERM (OCLC, RLIN)
Topical term or geographic name as entry element trauma
786 0# - DATA SOURCE ENTRY
Note Cliniques | 20 | 2 | 2020-10-16 | p. 50-63 | 2115-8177
856 41 - ELECTRONIC LOCATION AND ACCESS
Uniform Resource Identifier <a href="https://shs.cairn.info/revue-cliniques-2020-2-page-50?lang=fr&redirect-ssocas=7080">https://shs.cairn.info/revue-cliniques-2020-2-page-50?lang=fr&redirect-ssocas=7080</a>

Pas d'exemplaire disponible.

PLUDOC

PLUDOC est la plateforme unique et centralisée de gestion des bibliothèques physiques et numériques de Guinée administré par le CEDUST. Elle est la plus grande base de données de ressources documentaires pour les Étudiants, Enseignants chercheurs et Chercheurs de Guinée.

Adresse

627 919 101/664 919 101

25 boulevard du commerce
Kaloum, Conakry, Guinée

Réseaux sociaux

Powered by Netsen Group @ 2025